000 00337nam a2200145 4500
999 _c7820
_d7820
003 OSt
005 20200522125853.0
008 200522b ||||| |||| 00| 0 eng d
020 _a9781864701579
082 _a720.949D'HE
100 _aD'Helft, Brigitte
245 _aA2RC architects
260 _aImages Publishing Dist Ac
942 _2ddc